<?xml version="1.0" encoding="UTF-8"?>
<collection xmlns="http://www.loc.gov/MARC21/slim">
 <record>
  <leader>00534nam a22001575a 4500</leader>
  <controlfield tag="001">EUN.um049930</controlfield>
  <controlfield tag="003">AR-BaUNS</controlfield>
  <controlfield tag="005">20050623122917.0</controlfield>
  <controlfield tag="008">041125s1971####ag#a##########000#0#spa#d</controlfield>
  <datafield tag="245" ind1="1" ind2="3">
   <subfield code="a">La conquista del Chaco /</subfield>
   <subfield code="c">Alberto D. H. Scunio.</subfield>
  </datafield>
  <datafield tag="260" ind1=" " ind2=" ">
   <subfield code="a">Buenos Aires :</subfield>
   <subfield code="b">Círculo militar,</subfield>
   <subfield code="c">1971.</subfield>
  </datafield>
  <datafield tag="300" ind1=" " ind2=" ">
   <subfield code="a">469 p. :</subfield>
   <subfield code="b">ilus. ;</subfield>
   <subfield code="c">20,5 cm. .</subfield>
  </datafield>
  <datafield tag="490" ind1="0" ind2=" ">
   <subfield code="a">Biblioteca del oficial. Colección histórico-militar, v. 637-38</subfield>
  </datafield>
  <datafield tag="100" ind1="1" ind2=" ">
   <subfield code="a">Scunio, Alberto D. H.</subfield>
  </datafield>
  <datafield tag="082" ind1="0" ind2="4">
   <subfield code="a">982</subfield>
  </datafield>
  <datafield tag="859" ind1=" " ind2=" ">
   <subfield code="a">Ar-BaUNS</subfield>
   <subfield code="b">BIB. CENTRAL - Sector C</subfield>
   <subfield code="h">982</subfield>
   <subfield code="i">Sc42-1</subfield>
   <subfield code="p">66853/973</subfield>
  </datafield>
 </record>
</collection>
